Heat pumps and electric heating
Salvato in:
| Autore principale: | |
|---|---|
| Natura: | Libro |
| Lingua: | Undetermined |
| Pubblicazione: |
New York
John Wiley & Son
1966
|
| Soggetti: | |
| Tags: |
Aggiungi Tag
Nessun Tag, puoi essere il primo ad aggiungerne! !
|
| Thư viện lưu trữ: | Trung tâm Học liệu Trường Đại học Cần Thơ |
|---|
| LEADER | 00486nam a2200169Ia 4500 | ||
|---|---|---|---|
| 001 | CTU_46266 | ||
| 008 | 210402s9999 xx 000 0 und d | ||
| 082 | |a 621.56 | ||
| 082 | |b A496 | ||
| 100 | |a E.R.Ambrose | ||
| 245 | 0 | |a Heat pumps and electric heating | |
| 245 | 0 | |c E.R.Ambrose | |
| 260 | |a New York | ||
| 260 | |b John Wiley & Son | ||
| 260 | |c 1966 | ||
| 650 | |a air conditioning,refrigeration and refrigerating machinery | ||
| 980 | |a Trung tâm Học liệu Trường Đại học Cần Thơ | ||